000 00949cab a2200265 4500
001 ABS48976
008 090401t1993 xxu||||| |||| 00| 0 eng d
035 _a(Sirsi) u69305
041 _aeng
100 _aKleinman, M.P.
245 _aLarge-scale transfers of council housing to new landlords: is British social housing becoming more `European`
260 _c1993
350 _a0
490 _aHousing Studies
_v8(3) 1993, 163-178(16)
520 _aSees `voluntary transfer` of council houses to independent landlords such as housing associations as part of a trend towards continental-style social housing, though acknowledges many important differences in provision remain.
650 _aCOUNCIL HOUSING
650 _aHOUSING ASSOCIATIONS
650 _aHOUSING STOCK
650 _aSOCIAL HOUSING
650 _aTRANSFER
650 _aVOLUNTARY TRANSFER
690 _aBlock management
_96220
942 _n0
948 _c04/03/1997
999 _c43526
_d43526